[Event "Spijkenisse Queens-Kings"]
[Site "Spijkenisse"]
[Date "2013.10.25"]
[Round "1.8"]
[White "De Lange, Erica"]
[Black "Visser, Jos"]
[Result "1-0"]
[WhiteElo "1047"]
[BlackElo "1457"]
[PlyCount "67"]
[EventDate "2013.10.25"]
[EventType "team-match"]
[EventRounds "2"]
[EventCountry "NED"]
[SourceTitle "EXT 2014"]
[Source "ChessBase"]
[SourceDate "2013.11.20"]
[SourceVersion "1"]
[SourceVersionDate "2013.11.20"]
[SourceQuality "1"]
[WhiteTeam "Queens"]
[BlackTeam "Kings"]
[WhiteTeamCountry "NED"]
[BlackTeamCountry "NED"]

1. Nf3 d5 2. d4 h6 3. b3 Bg4 4. Nbd2 Nc6 5. Bb2 Nf6 6. h3 Bh5 7. g4 Bg6 8. Bg2 Nb4 9. 0-0 Nxc2 10. Rc1 Nb4 11. a3 Nc6 12. b4 e6 13. Ne5 Nxe5 14. dxe5 Nd7 15. Bd4 Be7 16. e4 c6 17. Qe2 0-0 18. f4 dxe4 19. f5 Bh7 20. Bxe4 exf5 21. gxf5 Bg5 22. Bb1 Bxd2 23. Qxd2 Nxe5 24. Qc3 Qg5+ 25. Kh1 Nd7 26. Rg1 Qh4 27. Rxg7+ Kh8 28. Rg4+ f6 29. Rxh4 Rfe8 30. Re1 Red8 31. Re6 Ne5 32. Bxe5 Rd1+ 33. Kh2 Rxb1 34. Rxf6 1-0